| 000 | 005980000a22001810004500 | ||
|---|---|---|---|
| 003 | MACL | ||
| 005 | 20160527113710.0 | ||
| 008 | 160527b xxu||||| |||| 00| 0 eng d | ||
| 040 |
_aMACL _cMACL |
||
| 041 | _aHindi | ||
| 082 | _a891.433 GOS | ||
| 100 |
_aगोस्वामी, इन्दिरा _957164 |
||
| 245 |
_aछिन्नमस्ता _cइन्दिरा गोस्वामी |
||
| 260 |
_bभारतीय ज्ञानपीठ _c2007 _aनई दिल्ली |
||
| 350 | _a150 | ||
| 650 |
_aNovel _960003 |
||
| 942 |
_cHIN _k891.433/GOS/N _2ddc |
||
| 999 |
_c11157 _d11157 |
||